Sistema para el tratamiento de la información en Medicina de empresa / (Record no. 132207)

MARC details
000 -LEADER
campo de control de longitud fija 00610nam a2200169 4500
001 - NÚMERO DE CONTROL
campo de control 132207
003 - IDENTIFICADOR DE NÚMERO DE CONTROL
campo de control ES-MaACL
005 - FECHA Y HORA DE LA ÚLTIMA TRANSACCIÓN
campo de control 20230906194128.0
007 - CAMPO FIJO DE DESCRIPCIÓN FÍSICA--INFORMACIÓN GENERAL
campo de control de longitud fija t|
008 - DATOS DE LONGITUD FIJA--INFORMACIÓN GENERAL
campo de control de longitud fija 070214s1971 sp r ||||1| spa d
100 1# - ENTRADA PRINCIPAL--NOMBRE DE PERSONA
Nombre de persona Rodríguez Zapico, Arsenio.
9 (RLIN) 98881
245 10 - MENCIÓN DEL TÍTULO
Título Sistema para el tratamiento de la información en Medicina de empresa /
Mención de responsabilidad, etc. Arsenio Rodríguez Zapico, José Luis Sánchez Sotés.
260 ## - PUBLICACIÓN, DISTRIBUCIÓN, ETC.
Lugar de publicación, distribución, etc. León :
Nombre del editor, distribuidor, etc. Sociedad Anónima Hullera Vasco-Leonesa,
Fecha de publicación, distribución, etc. 1971.
300 ## - DESCRIPCIÓN FÍSICA
Extensión 124 p. ;
Dimensiones 31 cm +
Material acompañante/anejo 6 h. pleg.
700 1# - ENTRADA AGREGADA--NOMBRE PERSONAL
Nombre de persona Sánchez Sotés, José Luis.
9 (RLIN) 102942
852 ## - LOCALIZACIÓN
Ubicación ES-MaACL
Número de control de estantería C-41676
Sublocalización o colección R.79360
Holdings
Estatus retirado Estado de pérdida Estado de daño No para préstamo Biblioteca de origen Biblioteca actual Ubicación en estantería Fecha de adquisición Fuente de adquisición Total de préstamos Signatura topográfica completa Código de barras Visto por última vez Precio de reemplazo Tipo de ítem Koha
        Biblioteca del Ateneo de Madrid Biblioteca del Ateneo de Madrid Depósito 2 17/01/2008     C-41676 1137642 23/02/2023 23/02/2023 Libro impreso